| 000 | 00577nam a22001817a 4500 | ||
|---|---|---|---|
| 003 | OSt | ||
| 005 | 20240626125408.0 | ||
| 008 | 240626b |||||||| |||| 00| 0 eng d | ||
| 020 | _a9780333712009 | ||
| 040 | _cMUST | ||
| 082 | _a332.4 VER 2000 | ||
| 100 |
_aVerdun, Amy _91164 |
||
| 245 |
_aEuropean Responses to Globalization and Financial Market Integration _bPerceptions of Economic and Monetary Union in Britain , France and Germany _cAmy Verdun |
||
| 300 |
_axv,260p _c22cm |
||
| 504 | _areferences and indexes | ||
| 650 | _2European Monetary Union | ||
| 942 |
_2z _cO_SHELF |
||
| 999 |
_c8930 _d8930 |
||